000 00312nam a22001457a 4500
008 231101b ||||| |||| 00| 0 eng d
020 _a9780195105339
041 _aeng
080 _a574
082 _a574CRO
100 _a44
101 _aMJED
245 _aPALEOCLIMATOLOGY
_cCROWLEY.J.TH
942 _2udc
_cBK
999 _c60475
_d60475